[Event "34th World Open"]
[Site "Philadelphia USA"]
[Date "2006.06.28"]
[Round "1"]
[White "Magar,T"]
[Black "Zlotnikov,M"]
[Result "0-1"]
[WhiteElo "2095"]
[BlackElo "2364"]
[EventDate "2006.06.28"]

1. d4 g6 2. c4 Bg7 3. e4 d6 4. Nc3 Nf6 5. f3 O-O 6. Be3 e5 7. d5 c6 8. Bd3
cxd5 9. cxd5 Nbd7 10. Nge2 Nc5 11. Bc2 a5 12. Qd2 Bd7 13. O-O b5 14. Ng3 b4
15. Nd1 Bb5 16. Rf2 Kh8 17. Bh6 Bxh6 18. Qxh6 Rc8 19. Qd2 Qb6 20. Ne3 Ncd7
21. Bd3 Nc5 22. Bxb5 Qxb5 23. Rd1 a4 24. h4 b3 25. a3 Ncd7 26. Rc1 Rc5 27.
Nef5 gxf5 28. Nxf5 Rxc1+ 29. Qxc1 Qc5 30. Qh6 Rg8 31. h5 Qb6 32. Ne7 Qd8
33. Nxg8 Qxg8 34. Qc1 Nc5 35. g4 Nxh5 36. Rh2 Nf4 37. Qc4 Qb8 38. Qf1 Ncd3
39. Kh1 Qb5 40. Qg1 0-1

[Event "34th World Open"]
[Site "Philadelphia USA"]
[Date "2006.06.28"]
[Round "1"]
[White "Murzin,L"]
[Black "Perelshteyn,E"]
[Result "0-1"]
[WhiteElo "2195"]
[BlackElo "2526"]
[EventDate "2006.06.28"]

1. d4 Nf6 2. c4 e6 3. Nf3 Bb4+ 4. Nbd2 b6 5. a3 Bxd2+ 6. Bxd2 h6 7. g3 Bb7
8. Bg2 Be4 9. O-O O-O 10. Ne1 Bxg2 11. Nxg2 d6 12. Qc2 Nbd7 13. Rfd1 Qe7
14. Ne3 a5 15. b4 axb4 16. axb4 c6 17. b5 c5 18. d5 Rfe8 19. Bc3 e5 20. f3
g6 21. Ra2 Nh7 22. Rda1 Rxa2 23. Rxa2 h5 24. Ra7 Nhf8 25. Bd2 Qf6 26. Nd1
e4 27. f4 Qf5 28. Kg2 h4 29. Ne3 h3+ 30. Kf1 Qh5 31. Bc3 f5 32. Qc1 Re7 33.
Bb2 Rf7 34. Ke1 g5 35. Nf1 Ng6 36. e3 gxf4 37. exf4 Qf3 38. Qe3 Qg2 39. Qc3
Nde5 40. Ra8+ Rf8 41. Rxf8+ Kxf8 42. fxe5 Nxe5 43. Nd2 Qxh2 44. Qe3 Qxd2+
45. Qxd2 Nf3+ 46. Kf2 Nxd2 47. Bf6 e3+ 0-1

[Event "34th World Open"]
[Site "Philadelphia USA"]
[Date "2006.06.28"]
[Round "1"]
[White "Hanken,J"]
[Black "Florean,A"]
[Result "0-1"]
[WhiteElo "2007"]
[BlackElo "2426"]
[EventDate "2006.06.28"]

1. c4 g6 2. g3 Bg7 3. Bg2 e5 4. Nc3 Nc6 5. e3 f5 6. d3 Nf6 7. Nge2 O-O 8.
O-O Kh8 9. Rb1 a5 10. a3 Ne7 11. f4 exf4 12. Nxf4 c6 13. e4 Qb6+ 14. Kh1 d6
15. Na4 Qd8 16. Be3 fxe4 17. dxe4 Bg4 18. Qd2 Qe8 19. h3 g5 20. Nd3 Qh5 21.
Nf2 Bxh3 22. Nxh3 g4 23. Kg1 gxh3 24. Bf3 Qg6 25. Qxd6 Rad8 26. Qf4 Nfd5
27. exd5 Rxf4 28. Bxf4 cxd5 29. cxd5 Nf5 30. Kh2 Nd4 31. Rbc1 Nxf3+ 32.
Rxf3 Qe4 33. Rf2 Qxa4 34. d6 Qe4 35. Rd2 h6 36. Rc7 Be5 37. Bxe5+ Qxe5 38.
Re7 Qxe7 39. dxe7 Rxd2+ 0-1

[Event "34th World Open"]
[Site "Philadelphia USA"]
[Date "2006.06.28"]
[Round "1"]
[White "Yap,N"]
[Black "Ivanov,AV USA"]
[Result "1/2-1/2"]
[WhiteElo "2239"]
[BlackElo "2588"]
[EventDate "2006.06.28"]

1. e4 g6 2. d4 Bg7 3. Nc3 c6 4. Nf3 d6 5. Be3 Qb6 6. Qd2 Qxb2 7. Rb1 Qa3 8.
Bc4 Qa5 9. O-O e6 10. Bf4 Qc7 11. d5 e5 12. dxc6 bxc6 13. Bg3 Nf6 14. Rfd1
Ke7 15. Ng5 Bh6 16. Bh4 Nbd7 17. f4 Bxg5 18. Bxg5 h6 19. Bxf6+ Kxf6 20.
Qxd6+ Qxd6 21. Rxd6+ Kg7 22. Rxc6 Nb6 23. Nd5 Nxc4 24. Rxc4 exf4 25. Nxf4
Re8 26. Nd5 Re5 27. Nc7 Be6 28. Nxe6+ Rxe6 29. Kf2 Rae8 30. Kf3 R8e7 31.
Rd4 Rf6+ 32. Ke2 Rf4 33. Rbb4 h5 34. g3 Rf6 35. Rb3 h4 36. Rf3 Ra6 37. a4
hxg3 38. hxg3 Ra5 39. Kd3 Rg5 40. Rc4 Rge5 41. Rf4 Rg5 42. Rf3 Rge5 43. Rf4
Rg5 44. Rf3 1/2-1/2

[Event "34th World Open"]
[Site "Philadelphia USA"]
[Date "2006.06.28"]
[Round "1"]
[White "Filipovich,D"]
[Black "Ganguly,S"]
[Result "0-1"]
[WhiteElo "2225"]
[BlackElo "2578"]
[EventDate "2006.06.28"]

1. Nf3 Nf6 2. g3 d5 3. Bg2 g6 4. O-O Bg7 5. d4 O-O 6. c4 dxc4 7. Na3 c3 8.
bxc3 c5 9. e3 Nc6 10. Qe2 Bf5 11. Rd1 Qc8 12. Bb2 Rd8 13. Rac1 Bh3 14. c4
Bxg2 15. Kxg2 e6 16. dxc5 a6 17. Rxd8+ Qxd8 18. Bc3 Qe7 19. Qb2 Rd8 20. Rb1
Rd7 21. Nc2 h6 22. Ne5 Nxe5 23. Bxe5 Rd2 24. Bd4 Qd7 25. Bxf6 Qc6+ 26. Kh3
Rxf2 27. Qxb7 Qxc5 28. Qb8+ Kh7 29. Qe5 Qc6 30. Rg1 Bxf6 0-1

[Event "34th World Open"]
[Site "Philadelphia USA"]
[Date "2006.06.28"]
[Round "1"]
[White "Cadman,C"]
[Black "Friedel,J"]
[Result "0-1"]
[WhiteElo "2272"]
[BlackElo "2465"]
[EventDate "2006.06.28"]

1. Nf3 Nc6 2. g3 e5 3. d3 d5 4. Bg2 Nf6 5. O-O Be7 6. Nbd2 O-O 7. c3 h6 8.
Qc2 a5 9. a4 Re8 10. e4 Bc5 11. h3 Ba7 12. Re1 Be6 13. exd5 Bxd5 14. Ne4
Nh5 15. g4 Nf4 16. Bxf4 exf4 17. Rad1 Bxe4 18. dxe4 Qf6 19. Rd5 Ne5 20.
Red1 c6 21. Rxe5 Rxe5 22. Nxe5 Qxe5 23. Rd7 f3 24. Bxf3 Re8 25. Rxb7 Qf4
26. Rxa7 Qxf3 27. Rd7 Qxh3 28. Qe2 h5 29. Rd3 Qxg4+ 30. Qxg4 hxg4 31. Rd7
c5 32. Rc7 Rb8 33. Rxc5 Rxb2 34. Rxa5 Re2 35. e5 Re4 36. Kg2 Kh7 37. Ra6
Rxe5 38. Rc6 f5 39. Kg3 g5 40. Rb6 Re1 41. a5 Rg1+ 42. Kh2 Ra1 43. a6 f4
44. Kg2 Ra2 45. Rb7+ Kg6 46. a7 Kf5 47. Rb5+ Kf6 48. Rb7 Ke6 49. Rb5 Kf6
50. Rb7 Ke5 51. Rb5+ Ke4 52. Rxg5 g3 53. a8=Q+ Rxa8 54. fxg3 Ra2+ 55. Kg1
Ra1+ 56. Kf2 Ra2+ 0-1

[Event "34th World Open"]
[Site "Philadelphia USA"]
[Date "2006.06.28"]
[Round "1"]
[White "Fedorowicz,J"]
[Black "Dejmek,M"]
[Result "1/2-1/2"]
[WhiteElo "2497"]
[BlackElo "2185"]
[EventDate "2006.06.28"]

1. d4 Nf6 2. c4 c5 3. d5 e6 4. Nc3 exd5 5. cxd5 d6 6. Nf3 g6 7. Nd2 Bg7 8.
e4 O-O 9. Be2 Na6 10. O-O Re8 11. Kh1 Rb8 12. Rb1 Qe7 13. a3 Nc7 14. a4 b6
15. Re1 a6 16. b4 cxb4 17. Rxb4 Ng4 18. Bxg4 Bxc3 19. Rc4 Bxg4 20. Qxg4
Nxd5 21. Qf3 1/2-1/2

[Event "34th World Open"]
[Site "Philadelphia USA"]
[Date "2006.06.28"]
[Round "1"]
[White "Hansen,Mart"]
[Black "Muhammad,S"]
[Result "0-1"]
[WhiteElo "2023"]
[BlackElo "2384"]
[EventDate "2006.06.28"]

1. e4 e5 2. Nf3 Nc6 3. Bb5 a6 4. Ba4 Nf6 5. O-O b5 6. Bb3 Be7 7. Re1 d6 8.
c3 O-O 9. h3 Na5 10. Bc2 c5 11. d4 Qc7 12. Nbd2 cxd4 13. cxd4 Rd8 14. d5
Bd7 15. Nf1 Rdc8 16. Bd3 Qd8 17. Ng3 Nb7 18. Bd2 Nc5 19. Bf1 Na4 20. Rb1
Qb6 21. Re3 Bd8 22. b3 Nc5 23. Ne1 b4 24. Nd3 a5 25. Nxc5 Rxc5 26. Re1 Qc7
27. Bd3 Qb7 28. Rc1 Rxc1 29. Qxc1 Rc8 30. Qb1 Bb6 31. Rc1 Bc5 32. Rc2 Qb6
33. Bg5 Ne8 34. Qd1 h6 35. Bc1 Nf6 36. Qf3 Qd8 37. Nf5 Bxf5 38. Qxf5 Nd7
39. Qg4 Kf8 40. Qe2 Bd4 41. Rxc8 Qxc8 42. Qc2 Nc5 43. Bd2 Qd8 44. Be1 Qg5
45. Kh2 Qf4+ 46. Kg1 g5 47. Kf1 Qh2 48. g3 Qxh3+ 49. Ke2 Qh5+ 50. Kf1 Qf3
51. Bb5 Nxe4 0-1

[Event "34th World Open"]
[Site "Philadelphia USA"]
[Date "2006.06.28"]
[Round "1"]
[White "Sarkar,J"]
[Black "Hook,W"]
[Result "1-0"]
[WhiteElo "2355"]
[BlackElo "2109"]
[EventDate "2006.06.28"]

1. d4 Nf6 2. c4 g6 3. Nc3 Bg7 4. e4 d6 5. Be2 O-O 6. Bg5 Nbd7 7. Qd2 c6 8.
Nf3 Qc7 9. O-O e5 10. Rfd1 Re8 11. d5 c5 12. Ne1 Kh8 13. Nd3 Ng8 14. Be3 f5
15. exf5 gxf5 16. f4 e4 17. Nf2 Ndf6 18. h3 h5 19. g3 Bf8 20. Kh2 Qh7 21.
Rg1 Nh6 22. Rg2 Be7 23. Nb5 Rg8 24. b4 b6 25. bxc5 bxc5 26. Rh1 h4 27. Rhg1
Nhg4+ 28. Bxg4 Nxg4+ 29. Nxg4 fxg4 30. Qb2+ Rg7 31. Nc7 gxh3 32. Rd2 Qh6
33. Nxa8 hxg3+ 34. Rxg3 Bf6 35. Qb8 Rxg3 36. Qxc8+ Kh7 37. Kxg3 Qh4+ 38.
Kh2 Qe1 39. Qxh3+ Kg7 40. Qg3+ 1-0

[Event "34th World Open"]
[Site "Philadelphia USA"]
[Date "2006.06.28"]
[Round "1"]
[White "Bick,J"]
[Black "Bartell,T"]
[Result "1-0"]
[WhiteElo "2238"]
[BlackElo "2342"]
[EventDate "2006.06.28"]

1. d4 Nf6 2. c4 g6 3. Nc3 Bg7 4. e4 O-O 5. Bg5 d6 6. Qd2 c5 7. d5 b5 8.
cxb5 Qa5 9. f4 Re8 10. Nf3 Nfd7 11. Be2 a6 12. a4 Nb6 13. O-O Bg4 14. f5
axb5 15. Bxb5 N8d7 16. Ne1 f6 17. Be3 gxf5 18. exf5 Bh5 19. Nd3 Bf7 20. Nf4
Kh8 21. Rf3 Bh6 22. Ng6+ Bxg6 23. fxg6 Bxe3+ 24. Qxe3 Ne5 25. Qh6 Nxg6 26.
Rh3 1-0

[Event "34th World Open"]
[Site "Philadelphia USA"]
[Date "2006.06.28"]
[Round "1"]
[White "Airapetian,C"]
[Black "Bonin,J"]
[Result "1/2-1/2"]
[WhiteElo "2130"]
[BlackElo "2299"]
[EventDate "2006.06.28"]

1. e4 c5 2. Nf3 a6 3. d4 cxd4 4. Nxd4 Nf6 5. Nc3 e5 6. Nf3 Nc6 7. Bg5 Bb4
8. Bc4 d6 9. O-O Bxc3 10. bxc3 h6 11. Bh4 g5 12. Bg3 Bg4 13. Qd3 Qe7 14.
Nd2 Rd8 15. f3 Bc8 16. Bd5 Qc7 17. c4 Nd7 1/2-1/2

[Event "34th World Open"]
[Site "Philadelphia USA"]
[Date "2006.06.28"]
[Round "1"]
[White "Higgins,S"]
[Black "Zimbeck,D"]
[Result "1-0"]
[WhiteElo "2088"]
[BlackElo "2199"]
[EventDate "2006.06.28"]

1. e4 d5 2. exd5 Nf6 3. d4 Bg4 4. Nf3 Qxd5 5. Be2 Nc6 6. h3 Bxf3 7. Bxf3
Qe6+ 8. Be3 O-O-O 9. O-O g5 10. c4 Qxc4 11. Nd2 Qe6 12. Nb3 Ne4 13. Qc2 f5
14. Rfd1 Nb4 15. Qe2 Rg8 16. Qb5 Na6 17. d5 Qd7 18. Qa5 Rg6 19. Nd4 Qxd5
20. Nb5 e6 21. Nxa7+ Kb8 22. Rxd5 exd5 23. Bxe4 fxe4 24. Nb5 Bb4 25. Qa4 c6
26. Nd4 c5 27. Nc2 d4 28. Rd1 Kc8 29. a3 dxe3 30. Rxd8+ Kxd8 31. Nxe3 Bd2
32. Qd1 1-0

[Event "34th World Open"]
[Site "Philadelphia USA"]
[Date "2006.06.28"]
[Round "1"]
[White "Ly,M"]
[Black "Vescovi,G"]
[Result "0-1"]
[WhiteElo "2188"]
[BlackElo "2622"]
[EventDate "2006.06.28"]

1. e4 c5 2. Nf3 e6 3. d4 cxd4 4. Nxd4 a6 5. Bd3 Bc5 6. Nb3 Be7 7. O-O d6 8.
Nc3 Nf6 9. Qe2 Qc7 10. f4 Nbd7 11. Kh1 O-O 12. Bd2 b5 13. Rae1 Bb7 14. a3
e5 15. Qf2 Rfe8 16. fxe5 Nxe5 17. Nd4 g6 18. Bf4 Nfd7 19. Qg3 Bf8 20. Nf5
Kh8 21. Ne3 Nb6 22. Qf2 Kg8 23. Rd1 Bc6 24. Qg3 Bg7 25. Rd2 Qb7 26. h3 Nxd3
27. cxd3 d5 28. Ng4 dxe4 29. dxe4 h5 30. Ne5 Bxe5 31. Bxe5 Nc4 32. Nd5 Rxe5
33. Nf6+ Kg7 34. Rdf2 Bxe4 35. b3 Bxg2+ 36. Rxg2 Ne3 37. Nxh5+ Rxh5 38.
Qxe3 Rah8 39. Qd4+ Kg8 40. Qd8+ Kh7 41. Qd3 Rxh3+ 42. Qxh3+ Kg7 43. Qxh8+
Kxh8 44. Kh2 Kg7 45. Rg3 Qe4 46. Rf2 Qe5 47. b4 g5 48. Kh3 Kg6 49. Rfg2
Qh8+ 0-1

[Event "34th World Open"]
[Site "Philadelphia USA"]
[Date "2006.06.28"]
[Round "1"]
[White "Revesz,Z"]
[Black "Vijayalakshmi,S"]
[Result "1/2-1/2"]
[WhiteElo "2161"]
[BlackElo "2472"]
[EventDate "2006.06.28"]

1. e4 e5 2. Nf3 Nc6 3. Nc3 Nf6 4. Bb5 Bb4 5. O-O O-O 6. d3 Bxc3 7. bxc3 d6
8. Bg5 Qe7 9. Re1 Nd8 10. d4 Ne6 11. Bc1 c6 12. Bf1 Rd8 13. a4 Qc7 14. g3
Bd7 15. Ba3 Be8 16. Qe2 c5 17. d5 Nf8 18. Bc1 N6d7 19. a5 Ng6 20. c4 Rdb8
21. Bd2 Ndf8 22. Reb1 Bd7 23. Ne1 b6 24. axb6 axb6 25. Qd3 Rxa1 26. Rxa1 b5
27. cxb5 Bxb5 28. c4 Bd7 29. Rb1 Ra8 30. Qb3 Qd8 31. Qb6 Qe7 32. Qb7 Ra2
33. Rb2 Rxb2 34. Qxb2 f5 35. exf5 Bxf5 36. Ng2 Bh3 37. Ne3 Bxf1 38. Kxf1 h6
39. Qb8 Qd7 40. Ba5 Nh8 41. Kg2 Nf7 42. Qc7 Qa4 43. Bb6 Qd7 44. Qxd7 Nxd7
45. Bc7 g6 46. f3 Kf8 47. Nd1 Ke7 48. Nc3 Nf6 49. Kf2 Ne8 50. Ba5 Ng7 51.
Ne4 Nf5 52. h4 Nd4 53. Ke3 Nf5+ 54. Kf2 Kd7 55. Nf6+ Kc8 56. h5 g5 57. Bd2
Kd8 58. Ba5+ Ke7 59. Ne4 Nd4 60. Ke3 Kd7 61. Bc3 Ke8 62. Ba5 Ke7 63. Bc3
Nd8 64. g4 Nb7 65. Ng3 Nd8 66. Ba5 Nf7 67. Ne4 Kd7 68. Bc3 Ke8 69. Nf6+ Kf8
70. Ne4 Ke8 71. Nf6+ Ke7 72. Ne4 Nd8 73. Ng3 Kf8 74. Ne4 Nf7 75. Ba5 Ke7
76. Bc3 1/2-1/2

[Event "34th World Open"]
[Site "Philadelphia USA"]
[Date "2006.06.28"]
[Round "1"]
[White "Harika,D"]
[Black "Fayvinov,Z"]
[Result "1/2-1/2"]
[WhiteElo "2358"]
[BlackElo "2227"]
[EventDate "2006.06.28"]

1. Nf3 Nf6 2. c4 e6 3. Nc3 d5 4. d4 Be7 5. Bg5 b6 6. e3 O-O 7. Be2 Bb7 8.
Bxf6 Bxf6 9. cxd5 exd5 10. O-O Nd7 11. Qb3 c6 12. Rad1 Be7 13. Bd3 Nf6 14.
Ne5 Bd6 15. Qc2 c5 16. Qe2 a6 17. f4 b5 18. Bb1 b4 19. dxc5 Bxc5 20. Ne4
Nxe4 21. Bxe4 f6 22. Nd3 Bd6 23. Bf3 Qb6 24. Kh1 Rfe8 25. Rfe1 Re7 26. Qd2
Rae8 27. Nf2 Kh8 28. Ng4 f5 29. Bxd5 fxg4 30. Bxb7 Bc5 31. Bd5 Bxe3 32. Qc2
g3 33. h3 Qf6 34. f5 g6 35. fxg6 hxg6 36. Qc4 a5 37. Qg4 Bf2 38. Rf1 Kg7
39. b3 Qc3 40. Bc4 Qf6 41. Bb5 Rh8 42. Rd7 Rh4 43. Qe2 Rxd7 44. Bxd7 Rf4
45. Bg4 Qd8 46. Rc1 Rf7 47. Be6 Rf8 48. Qb5 Qd2 49. Rf1 Qxa2 50. Bc4 Rf5
51. Qd7+ Kh6 52. Qd8 Qb2 53. Qh4+ Rh5 54. Qf4+ Kh7 55. Qf3 Qe5 56. Qf7+ Qg7
1/2-1/2

[Event "34th World Open"]
[Site "Philadelphia USA"]
[Date "2006.06.28"]
[Round "1"]
[White "Colding,E"]
[Black "Mulyar,M"]
[Result "1/2-1/2"]
[WhiteElo "2177"]
[BlackElo "2391"]
[EventDate "2006.06.28"]

1. e4 e5 2. Nf3 Nc6 3. d4 exd4 4. c3 d5 5. exd5 Qxd5 6. cxd4 Bb4+ 7. Nc3
Nf6 8. Bd3 O-O 9. O-O Bxc3 10. bxc3 Bg4 11. h3 Bh5 12. c4 Qd6 13. g4 Bg6
14. Bxg6 hxg6 15. d5 Ne5 16. Nxe5 Qxe5 17. Rb1 Qe4 18. Qb3 a6 19. Bb2 Rfe8
20. Qc3 Qf4 1/2-1/2

[Event "34th World Open"]
[Site "Philadelphia USA"]
[Date "2006.06.28"]
[Round "1"]
[White "Taylor,T"]
[Black "Bennett,D"]
[Result "1/2-1/2"]
[WhiteElo "2330"]
[BlackElo "2093"]
[EventDate "2006.06.28"]

1. d4 d5 2. Bf4 Nf6 3. e3 c6 4. Bd3 Qb6 5. Nd2 Qxb2 6. Ngf3 e6 7. O-O Be7
8. c4 O-O 9. c5 Qa3 10. Nb3 b6 11. Nfd2 bxc5 12. dxc5 Ba6 13. Qc2 Bxd3 14.
Qxd3 Nbd7 15. Rfc1 e5 16. Bg3 Rab8 17. e4 dxe4 18. Nxe4 Nd5 19. Ned2 Nxc5
20. Qf5 Nxb3 21. axb3 Qb4 22. Nc4 Nc3 23. Qc2 Nb5 24. Bxe5 Rbd8 25. Na5 Rd7
26. Qxc6 Nd4 27. Bxd4 Qxd4 28. Qf3 Bc5 29. Nc6 1/2-1/2

[Event "34th World Open"]
[Site "Philadelphia USA"]
[Date "2006.06.28"]
[Round "1"]
[White "Swathi,G"]
[Black "Coraretti,B"]
[Result "1/2-1/2"]
[WhiteElo "2262"]
[BlackElo "1965"]
[EventDate "2006.06.28"]

1. e4 e5 2. Nf3 Nc6 3. Bb5 Bc5 4. O-O Nf6 5. c3 O-O 6. d4 Bb6 7. Re1 exd4
8. cxd4 d5 9. e5 Ne4 10. Nc3 Bg4 11. Bxc6 bxc6 12. Nxe4 dxe4 13. Rxe4 Bxf3
14. Qxf3 Bxd4 15. Bh6 f5 16. exf6 Qxf6 17. Qxf6 Bxf6 18. Be3 Rab8 19. Rc1
Rxb2 20. a4 a5 21. g4 Bh4 22. Rf1 h6 23. h3 Re2 24. Rc4 Ra2 25. Rxc6 Rxa4
26. Rxc7 Ra2 27. Bc5 Rf7 28. Rxf7 Kxf7 29. Bd4 Bf6 30. Bxf6 Kxf6 31. Rb1 a4
32. Rb7 a3 33. Ra7 Ra1+ 34. Kg2 a2 35. Ra6+ Ke5 36. Ra5+ Kd4 37. Ra8 Kc5
1/2-1/2

[Event "34th World Open"]
[Site "Philadelphia USA"]
[Date "2006.06.29"]
[Round "2"]
[White "Karklins,A"]
[Black "Simutowe,A"]
[Result "1-0"]
[WhiteElo "2223"]
[BlackElo "2414"]
[EventDate "2006.06.28"]

1. e4 c5 2. Nf3 e6 3. d4 cxd4 4. Nxd4 a6 5. a3 Nf6 6. Qd3 Qc7 7. b4 Nc6 8.
Bb2 Ne5 9. Qc3 Qxc3+ 10. Nxc3 d6 11. f4 Ned7 12. O-O-O g6 13. Bc4 Nb6 14.
Bb3 Bd7 15. Nf3 Ke7 16. e5 dxe5 17. fxe5 Ng4 18. Ne4 Bh6+ 19. Kb1 Rhc8 20.
Bd4 Be3 21. Nd6 Rc7 22. h3 Bxd4 23. hxg4 Be3 24. Rxh7 Rf8 25. Nh4 Rg8 26.
Nxf7 Ke8 27. Nd6+ Kd8 28. Nf3 Rf8 29. Rd3 Bf4 30. Nd4 Bxe5 31. Nf7+ Rxf7
32. Rxf7 Ke8 33. Rf1 Nc4 34. Re1 Nxa3+ 35. Ka2 Bxd4 36. Kxa3 Bh8 37. Re2
Bf6 38. Bxe6 Bxe6 39. Rxe6+ Kf7 40. Re2 Be7 41. Kb3 Kf6 42. Rd5 Kf7 43. c4
Kg7 44. Red2 Rc6 45. Rd7 Re6 46. Rxb7 Kh6 47. Rd5 Bh4 48. Rbd7 Re4 49. c5
Be1 50. Rd4 Re3+ 51. Rd3 Re4 52. R7d4 Re6 53. Kc4 Bf2 54. Kd5 Re8 55. Rh3+
Kg5 56. Re4 Rd8+ 57. Kc6 a5 58. Rf3 Bg1 59. Rf1 Bh2 60. b5 Rc8+ 61. Kd5
Rd8+ 62. Kc4 a4 63. b6 Rd2 64. c6 Rc2+ 65. Kb5 a3 66. c7 a2 67. Rc4 Rb2+
68. Kc6 Rb1 69. c8=Q a1=Q 70. Qd8+ Kh6 71. Qh4+ Kg7 72. Qe7+ Kh6 73. g5+
Kh5 74. Qh7+ 1-0

[Event "34th World Open"]
[Site "Philadelphia USA"]
[Date "2006.06.29"]
[Round "2"]
[White "Stephan,Ax"]
[Black "Panchanathan,M"]
[Result "0-1"]
[WhiteElo "2239"]
[BlackElo "2525"]
[EventDate "2006.06.28"]

1. e4 e5 2. Nf3 Nc6 3. Bb5 a6 4. Ba4 Nf6 5. O-O Be7 6. Re1 b5 7. Bb3 d6 8.
c3 O-O 9. h3 Na5 10. Bc2 c5 11. d4 Qc7 12. Nbd2 Rd8 13. d5 c4 14. Nf1 Nb7
15. N3h2 Nc5 16. b4 cxb3 17. axb3 Bd7 18. f4 Rdc8 19. fxe5 dxe5 20. Ng3 Nb7
21. Bd2 Bb4 22. Ne2 Nd6 23. Qb1 Nh5 24. Bd3 Qb6+ 25. Kh1 Rxc3 26. Nf3 Rac8
27. Bxc3 Bxc3 28. Nxc3 Rxc3 29. Ra2 f6 30. Qd1 Nf4 31. Bf1 Qc5 32. Rxa6
Nxe4 33. Rxe4 Rc1 34. Rc4 Qxc4 35. bxc4 Rxd1 36. Kg1 bxc4 37. Ra8+ Kf7 38.
Ra7 Ke8 39. Rc7 Kd8 40. Rxc4 Bb5 0-1

[Event "34th World Open"]
[Site "Philadelphia USA"]
[Date "2006.06.29"]
[Round "2"]
[White "Vijayalakshmi,S"]
[Black "Colding,E"]
[Result "1-0"]
[WhiteElo "2472"]
[BlackElo "2177"]
[EventDate "2006.06.28"]

1. d4 Nf6 2. c4 d6 3. Nc3 e5 4. d5 Nbd7 5. g3 g6 6. Bg2 Bg7 7. e4 O-O 8.
Nge2 a5 9. a3 Nc5 10. h3 a4 11. Be3 Nfd7 12. Rc1 Nb6 13. Na2 f5 14. f3 fxe4
15. fxe4 Bd7 16. Nb4 Qe7 17. Nd3 Nb3 18. Rc2 Nd4 19. Nxd4 exd4 20. Bf2 c5
21. O-O Be5 22. Rc1 Qg5 23. Nxe5 Qxe5 24. g4 Rf7 25. Qd3 Raf8 26. Bg3 Rxf1+
27. Bxf1 Qe7 28. Re1 Bc8 29. e5 dxe5 30. Rxe5 Qf6 31. Bg2 Nd7 32. Re1 Nb6
33. Kh2 Bd7 34. Re2 Re8 35. Rf2 Qe7 36. Bf4 g5 37. Bg3 Qe3 38. Qf1 d3 39.
Bd6 h6 40. Rf8+ Rxf8 41. Qxf8+ Kh7 42. Qf7+ Kh8 43. Qf6+ 1-0

[Event "34th World Open"]
[Site "Philadelphia USA"]
[Date "2006.06.29"]
[Round "2"]
[White "Rueda,L"]
[Black "Harika,D"]
[Result "0-1"]
[WhiteElo "2214"]
[BlackElo "2358"]
[EventDate "2006.06.28"]

1. e4 c5 2. Nf3 Nc6 3. d3 g6 4. g3 Bg7 5. Bg2 d6 6. c3 e5 7. O-O Nge7 8.
Nbd2 O-O 9. Nh4 Be6 10. f4 Qd7 11. Ndf3 Bg4 12. Qb3 Rad8 13. Be3 b6 14.
Rae1 exf4 15. gxf4 d5 16. e5 d4 17. cxd4 Be6 18. Qd1 cxd4 19. Bd2 Nf5 20.
Nxf5 Bxf5 21. Qb3 h6 22. Rf2 Rfe8 23. Rc1 Ne7 24. Nh4 Be6 25. Qd1 Rc8 26.
a3 Nf5 27. Nxf5 Bxf5 28. Rxc8 Rxc8 29. Bb4 Qb5 30. Bf1 Qc6 31. Qf3 Qc1 32.
Kg2 Bd7 33. Kg3 h5 34. h3 g5 35. Bd2 h4+ 36. Kh2 Qc6 37. Qxc6 Rxc6 38. Re2
Bf5 39. Rg2 Rc2 40. b3 Be6 41. b4 b5 42. Re2 Bf5 43. Rg2 Kh7 44. e6 fxe6
45. fxg5 Be5+ 46. Kg1 Bg3 47. g6+ Kxg6 48. Re2 e5 0-1

[Event "34th World Open"]
[Site "Philadelphia USA"]
[Date "2006.06.29"]
[Round "2"]
[White "Mulyar,M"]
[Black "Revesz,Z"]
[Result "1-0"]
[WhiteElo "2391"]
[BlackElo "2161"]
[EventDate "2006.06.28"]

1. c4 e5 2. Nc3 Nc6 3. g3 g6 4. Bg2 Bg7 5. d3 d6 6. Nf3 f5 7. O-O Nf6 8.
Nd5 O-O 9. Bg5 Ne7 10. Nxf6+ Bxf6 11. Bxf6 Rxf6 12. c5 Kg7 13. Qb3 Nc6 14.
Qc3 Qe7 15. b4 d5 16. b5 d4 17. Qb2 Nd8 18. e3 Qxc5 19. exd4 exd4 20. Nxd4
Bd7 21. Rfe1 a6 22. Re2 axb5 23. Rae1 Qd6 24. Re7+ Kg8 25. Nxb5 Bxb5 26.
Qxb5 c6 27. Qb3+ Kh8 28. Qb2 Kg8 29. Rd7 Qxd7 30. Qxf6 Qf7 31. Qd6 Qf8 32.
Qd7 Nf7 33. Qxb7 Rxa2 34. Qxc6 Qb4 35. Qe8+ Kg7 36. Bd5 Ra7 37. Kg2 Qd6 38.
Bc4 Qd7 39. Re6 Qd4 40. Re7 Rxe7 41. Qxe7 Qf6 42. Qxf7+ Qxf7 1-0

[Event "34th World Open"]
[Site "Philadelphia USA"]
[Date "2006.06.29"]
[Round "2"]
[White "Coraretti,B"]
[Black "Taylor,T"]
[Result "0-1"]
[WhiteElo "1965"]
[BlackElo "2330"]
[EventDate "2006.06.28"]

1. e4 Nc6 2. d4 d6 3. Nc3 Nf6 4. f4 e5 5. Nf3 exd4 6. Nxd4 Bg4 7. Nxc6 bxc6
8. Be2 Bxe2 9. Qxe2 Be7 10. O-O O-O 11. Be3 Qd7 12. Rad1 Rfe8 13. Bd4 Qg4
14. Qxg4 Nxg4 15. h3 Nf6 16. g4 Nd7 17. g5 Bf8 18. b3 a5 19. Rd2 g6 20. f5
c5 21. Bf2 a4 22. f6 axb3 23. cxb3 c4 24. bxc4 Ne5 25. Kg2 Nxc4 26. Re2 Ra5
27. Rb1 Rxg5+ 0-1

[Event "34th World Open"]
[Site "Philadelphia USA"]
[Date "2006.06.29"]
[Round "2"]
[White "Collier,P"]
[Black "Ly,M"]
[Result "0-1"]
[WhiteElo "2116"]
[BlackElo "2188"]
[EventDate "2006.06.28"]

1. d4 Nf6 2. c4 e6 3. Nc3 Bb4 4. e3 b6 5. Nge2 Ba6 6. a3 Bxc3+ 7. Nxc3 d5
8. cxd5 Bxf1 9. Kxf1 exd5 10. Qe2 O-O 11. f3 Re8 12. Kf2 c5 13. Rd1 cxd4
14. Rxd4 Nc6 15. Rd1 Qd6 16. Kg1 Rad8 17. b4 Qe5 18. Rd3 d4 19. Nd1 Nd5 20.
e4 f5 21. Nf2 Nc3 22. Qc2 fxe4 23. Nxe4 Nxe4 24. Qxc6 Nc5 25. Rd1 d3 26.
Bd2 Rd6 27. Qb5 Qd4+ 28. Kf1 a6 29. Qxb6 Rxb6 30. bxc5 Qxc5 31. Rac1 Qd6
32. Ba5 Qe6 33. Bxb6 Qxb6 0-1

[Event "34th World Open"]
[Site "Philadelphia USA"]
[Date "2006.06.29"]
[Round "2"]
[White "Jussupow,Ar"]
[Black "Hess,Ro"]
[Result "1/2-1/2"]
[WhiteElo "2608"]
[BlackElo "2354"]
[EventDate "2006.06.28"]

1. d4 Nf6 2. Nf3 e6 3. e3 b6 4. Bd3 Bb7 5. O-O d5 6. Ne5 Bd6 7. Nd2 O-O 8.
f4 c5 9. b3 b5 10. c3 b4 11. Bb2 cxd4 12. cxd4 Ba6 13. Qe2 Bxd3 14. Qxd3
Nbd7 15. Rac1 Qb6 16. Nxd7 Nxd7 17. f5 Nf6 18. e4 exf5 19. Rxf5 Nxe4 20.
Nxe4 dxe4 21. Qxe4 Rae8 22. Qd3 Re6 23. Rcf1 Qc7 24. h3 Qe7 25. d5 Re2 26.
Bd4 Rxa2 27. Kh1 Re8 28. Bxg7 Kxg7 29. Rxf7+ Qxf7 30. Rxf7+ Kxf7 31. Qf5+
Kg8 32. Qg5+ Kf7 33. Qf5+ Kg8 34. Qg5+ Kf7 1/2-1/2

[Event "34th World Open"]
[Site "Philadelphia USA"]
[Date "2006.06.29"]
[Round "2"]
[White "Habu,Y"]
[Black "Hansen,LB"]
[Result "0-1"]
[WhiteElo "2382"]
[BlackElo "2560"]
[EventDate "2006.06.28"]

1. e4 c6 2. d4 d5 3. Nc3 dxe4 4. Nxe4 Bf5 5. Ng3 Bg6 6. h4 h6 7. Nf3 Nd7 8.
h5 Bh7 9. Bd3 Bxd3 10. Qxd3 e6 11. Bf4 Qa5+ 12. Bd2 Bb4 13. c3 Be7 14. c4
Qc7 15. O-O-O Ngf6 16. Ne4 Nxe4 17. Qxe4 Nf6 18. Qe2 O-O-O 19. g3 Rhe8 20.
Kb1 Bf8 21. Bf4 Bd6 22. Ne5 Qe7 23. g4 Nd7 24. Bg3 Nxe5 25. dxe5 Bc5 26.
Rxd8+ Qxd8 27. Rd1 Qe7 28. a3 Rd8 29. Rd3 Rxd3 30. Qxd3 Qg5 31. f3 g6 32.
hxg6 Qxg6 33. Kc2 h5 34. Bh4 hxg4 35. Qxg6 fxg6 36. fxg4 Bd4 37. Bf6 b5 38.
cxb5 cxb5 39. b3 Kd7 40. Kd3 Bb2 41. a4 Kc6 42. axb5+ Kxb5 43. Bg7 Kc5 44.
Bh6 Kd5 45. Bf4 Bxe5 46. Be3 a6 47. Ba7 Bd6 48. Bf2 Bb4 49. Bd4 e5 50. Bb2
e4+ 51. Ke2 Bc5 52. Bg7 Bd4 53. Bf8 Bf6 54. Ba3 Bc3 55. Bf8 Bd4 56. Kd2 Kc6
57. Kc2 Kb5 58. Be7 e3 59. Kd3 Bc5 60. Bxc5 Kxc5 61. Kxe3 Kb4 62. Kf4 Kxb3
63. Kg5 a5 64. Kxg6 a4 65. g5 a3 66. Kh7 a2 67. g6 a1=Q 68. g7 Qh1+ 69. Kg6
Qd5 0-1